LEADER 00763nam a2200193 i 4500 001 000000223448 003 CaOOAMICUS 005 20230814085829.0 008 131014s1797 fr u000 u fre u 026 $aI.23 I.ue r.ue gl(b (3) 1797 (A) 040 $aSeMil$bita 245 10$aTome 1. 300 $a[4], 364 p. 500 $aSegn.: pg2 *4, A12-O12, P14 773 0 $aHelvetius, Claude Adrien <1715-1771>$tDe l'homme, de ses facultés intellectuelles, et de son éducation.Tome 1. [-6.].$dA Paris : Chez A. J. Dugour, libraire,rue des Grands-Augustins, n. 29, 1797.$g1$w()28882 850 $aSeMil 852 $aSeMil$W1$xVenegono$y1$m2Q I 50 FA$j173794$B173794$CSeMilBibl$Z2$F184084 $8I 996 $6245$aTome 1$9(OLS)http://semarc/title/1447 LEADER 00573naa a2200133 i 4500 001 000000303990 003 CaOOAMICUS 005 20180831172810.0 008 180831n xx u000 u und u 013 $a11769 040 $aSeMil$bita 100 1 $aRoloff, Jürgen <1930->.$0(OLS)http://semarc/name/15842 245 14$aDer Weg Jesu als Lebensnorm (2 Tim 2,8-13) :$bein Beitrag zur Chri denhoeck & Ruprecht, copyr. 1991. P. 155-167. 996 $6245$aDer Weg Jesu als Lebensnorm (2 Tim 2,8-13) :$bein Beitrag zur Chri denhoeck & Ruprecht, copyr. 1991. P. 155-167.$9(OLS)http://semarc/title/379940